Antimachiavell, neboli, Vyvrácení Machiavelliho Vladaře /

Hlavní autor: Friedrich II., pruský král, 1712-1786
Další autoři: Mertl, Jan, 1904-1978
Jazyk: Čeština
Vydáno: Bratislava : Eko-konzult, [1999?]
Témata:
Fyzický popis: 135 s. ; 19 cm
Knihy
Uloženo v:
LEADER 01097nam a2200301 a 4500
001 000481329
003 CZ BrMZK
005 20210216182637.0
007 ta
008 000115s1999 xo f 0 cze d
020 |a 80-88809-67-3 
040 |a BOA001  |b cze 
072 7 |a 321  |x Politologie  |2 Konspekt  |9 15 
080 |a 321.01-021.745.2  |2 MRF 
080 |a 82.09  |2 MRF 
080 |a (049)  |2 MRF 
100 0 |a Friedrich  |b II.,  |c pruský král,  |d 1712-1786  |7 jn19981001250  |4 aut 
245 1 0 |a Antimachiavell, neboli, Vyvrácení Machiavelliho Vladaře /  |c Fridrich II. Veliký ; [úvod Jan Mertl]. 
260 |a Bratislava :  |b Eko-konzult,  |c [1999?] 
300 |a 135 s. ;  |c 19 cm 
600 1 7 |a Machiavelli, Niccolò,  |d 1469-1527.  |t Principe  |7 aun2006373143 
650 0 7 |a machiavelismus  |7 ph122534  |2 czenas 
650 0 7 |a literárněvědné rozbory  |7 ph138745  |2 czenas 
655 7 |a pojednání  |7 fd133056  |2 czenas 
700 1 |a Mertl, Jan,  |d 1904-1978  |7 jk01081312  |4 wfw 
910 |a BOA001  |b 1-1073.409 
990 |a BK 
996 7 |b 2610115931  |c 1-1073.409  |l MZK  |r Sklad / do 1 hodiny  |n 17  |w 000481329  |u 000010  |a 1  |e BOA001  |j MZK50  |s A